Progressive automotive waste utilisation technologies as driving forces of sustainable development

Bibliographic Details
Other Authors: Čabalová, Iveta, 1979- (Editor), Krilek, Jozef, 1925- (Editor)
Format: Book
Language:English
PhysicalDescription:221 strán
Published: Lüdenscheid RAM-Verlag 2024
ISBN:9783965950429

MARC

LEADER 00000nam a2200000 4500
001 vtls012284727
003 SK-MaSNL
005 20260301061339.0
008 251006s2024 gw 000 0 eng
020 |a 9783965950429  |q ( viazané) 
040 |a SNK  |b slo  |c SNK  |e rda 
041 0 |a eng 
044 |a gw  |c DE 
072 7 |2 konspekt 
080 |2 2011 
245 0 0 |a Progressive automotive waste utilisation technologies as driving forces of sustainable development  |c editors Iveta Čabalová, Jozef Krilek 
264 1 |a Lüdenscheid  |b RAM-Verlag  |c 2024 
300 |a 221 strán 
336 |a text  |b txt  |2 rdacontent 
337 |a bez média  |b n  |2 rdamedia 
338 |a zväzok  |b nc  |2 rdacarrier 
700 1 |a Čabalová, Iveta,  |d 1979-  |4 edt  |9 188265 
700 1 |a Krilek, Jozef,  |d 1925-  |4 edt  |9 198302 
852 |a Slovenská národná knižnica 
919 |a 978-3-96595-042-9 
999 |c 617278  |d 619208 
952 |a SNK  |b SNK  |y NEVYP  |7 1  |o snk  |i snk  |8 4  |g 73.59  |0 0  |1 0  |4 0  |d 2025-10-06  |l 0  |r 2026-02-23 16:43:12  |w 2026-02-23